| 000 | 00720nam a2200241 a 4500 | ||
|---|---|---|---|
| 999 |
_c11095 _d11095 |
||
| 001 | 11095 | ||
| 003 | BD-JhCC | ||
| 005 | 20220209134020.0 | ||
| 008 | 190629b 2018bg a|||| ||a| 001 0 ben d | ||
| 020 | _a9789849266433 | ||
| 035 | _a(BD-JhCC)11095 | ||
| 040 |
_aBD-JhCC _dBD-JhCC |
||
| 041 | _aben | ||
| 082 |
_a501 _bHAS 2018 |
||
| 100 | _aহাসান, রাগিব | ||
| 245 |
_aবিজ্ঞানীদের কান্ড কারখানা / _cরাগিব হাসান । |
||
| 260 |
_aঢাকা: _bআদর্শ; _c২০১৮. |
||
| 300 |
_a৯৫ পৃঃ . : _c২২ সেমি. |
||
| 650 | _aDiscoveres | ||
| 650 | _aScience | ||
| 942 |
_2ddc _cBK _03 |
||